000 01889nam a2200385 i 4500
003 DO-SdBNP
005 20250519133229.0
007 ta
008 250519b2007 dr ae||| |||| 00| 0 spa d
020 _a9789992407189
040 _aDO-SdBNP
_bspa
_cBNPHU
_erda
041 _aspa
082 4 _axxx
_bG633u
_222
245 0 3 _aUn golpe más :
_blos efectos del fin del Acuerdo Multifibras en Centroamérica y República Dominicana /
_cCarmen Julia Gómez Carrasco [y otros 8]
250 _aPrimera edición
264 _aManagua, Nicaragua :
_bProfesionales para la Auditoria Social y Empresarial (PASE) : Iniciativa Regional para la Responsabilidad Social y el Trabajo Digno (IRSD),
_c2007.
300 _a460 páginas :
_bilustraciones, gráficos ;
_c24 cm
336 _atexto
_btxt
_2rdacontent
337 _asin mediación
_bn
_2rdamedia
338 _avolumen
_bnc
_2rdacarrier
500 _aIncluye bibliografías al final de los capítulos
505 _aPresentación -- Introducción -- Efectos del fin del Acuerdo Multifibra en los trabajadores. Análisis comparativos de las encuestas aplicadas en Centroamérica y República Dominicana -- Guatemala -- El Salvador -- Honduras -- Nicaragua -- Costa Rica -- República Dominicana -- Conclusiones generales -- Recomendaciones generales.
590 _aInventariado, 2025 /LP
700 1 _aGómez Carrasco, Carmen Julia
_ecoordinadora
_4coo.
_98553
700 1 _aLoarca, Felisa
_eautor
_4aut
_987803
700 1 _aGómez, Carmen Julia
_eautor
_4aut.
_987803
700 1 _aValencia, Astrid
_eautor
_4aut.
_987804
700 1 _aParedes, Maritza
_eautor
_4aut.
_987805
700 1 _aCastro, Carlos
_eautor
_4aut.
_987806
700 1 _aRodríguez, Yadira
_eautor
_4aut.
_987807
700 1 _aLegall López, Alberto
_eautor
_4aut.
_987808
700 1 _aAcuña González, Carmen
_eautor
_4aut.
_987809
910 _aLP
942 _2ddc
_cLBS1
999 _c59043
_d59043